|
|
|
|
| LEADER |
00000nam0a2200000 4500 |
| 001 |
331631 |
| 005 |
20231102004357.0 |
| 035 |
|
|
|a (RuTPU)RU\TPU\book\357483
|
| 090 |
|
|
|a 331631
|
| 100 |
|
|
|a 20170428d1977 km y0rusy50 ca
|
| 101 |
0 |
|
|a rus
|
| 102 |
|
|
|a RU
|
| 105 |
|
|
|a a z 001zy
|
| 200 |
1 |
|
|a Электрооборудование шахтной электровозной откатки
|f А. К. Маслий
|
| 210 |
|
|
|a Москва
|c Недра
|d 1977
|
| 215 |
|
|
|a 191 с.
|c ил.
|
| 320 |
|
|
|a Библиогр.: с. 185-189
|
| 606 |
1 |
|
|a Рудничная откатка
|x Автоматизация
|2 stltpush
|3 (RuTPU)RU\TPU\subj\25522
|9 49659
|
| 610 |
1 |
|
|a электрооборудование
|
| 610 |
1 |
|
|a откатка
|
| 610 |
1 |
|
|a шахтный транспорт
|
| 610 |
1 |
|
|a аккумуляторные электровозы
|
| 610 |
1 |
|
|a самоходные вагоны
|
| 610 |
1 |
|
|a тяговые батареи
|
| 610 |
1 |
|
|a зарядные устройства
|
| 610 |
1 |
|
|a разрядные устройства
|
| 610 |
1 |
|
|a тяговые сети
|
| 610 |
1 |
|
|a подстанции
|
| 610 |
1 |
|
|a аппаратура
|
| 610 |
1 |
|
|a диспетчеризация
|
| 610 |
1 |
|
|a автоматизация
|
| 610 |
1 |
|
|a безопасность труда
|
| 675 |
|
|
|a 622.625.5
|v 4
|
| 700 |
|
1 |
|a Маслий
|b А. К.
|g Алексей Кириллович
|
| 801 |
|
1 |
|a RU
|b 63413507
|c 20170428
|
| 801 |
|
2 |
|a RU
|b 63413507
|c 20170502
|g RCR
|
| 942 |
|
|
|c BK
|